| 000 | 01742nam a2200445 i 4500 | ||
|---|---|---|---|
| 001 | 000004026 | ||
| 003 | DO-SdBNP | ||
| 005 | 20260225085007.0 | ||
| 007 | ta | ||
| 008 | 090716s20042007dr r 001 0 spa d | ||
| 020 | _z9993462020 (v.1) | ||
| 020 | _z9993462039 (v.2) | ||
| 040 |
_aDO-SdBNP _bspa _cBNPHU _erda |
||
| 041 | _aspa | ||
| 082 | 4 |
_a302 _bM516p 2004 _222 |
|
| 100 | 1 |
_a Mejía-Ricart G., Tirso, _d1936-2021 _q(Mejía-Ricart Guzmán) _eautor _4aut. _91569 |
|
| 245 | 1 | 0 |
_aPsicología social y sus aplicaciones / _cTirso Mejía-Ricart G. |
| 250 | _aCuarta edición | ||
| 264 | 4 |
_aSanto Domingo, República Dominicana : _bEditora Universitaria-UASD; _bFundación Mejía Ricart-Guzmán Boom, _c©2004-2007. |
|
| 300 |
_avolumen ; _c22 cm. |
||
| 336 |
_atexto _btxt _2rdacontent |
||
| 337 |
_asin mediación _bn _2rdamedia |
||
| 338 |
_avolumen _bnc _2rdacarrier |
||
| 490 | 1 |
_aPublicaciones de la Universidad Autónoma de Santo Domingo ; _v1055 ; |
|
| 490 | 1 |
_aColección textos básicos ; _v5 |
|
| 490 | 1 |
_aColección estudios sociales ; _v06 |
|
| 500 | _aIncluye índice | ||
| 500 | _aIncluye referencias bibliográficas y notas al final de los capítulos. | ||
| 590 | _aInventariado, 2018/VM | ||
| 650 | 4 |
_aPsicología social _91574 |
|
| 650 | 4 |
_aPsicología aplicada _91579 |
|
| 650 | 7 |
_aConducta de vida _2LIBRUNAM _911947 |
|
| 650 | 4 |
_aActitud (Psicología) _9852 |
|
| 650 | 4 |
_aConducta colectiva _912036 |
|
| 710 | 2 |
_aUniversidad Autónoma de Santo Domingo _972951 |
|
| 830 | 0 |
_aPublicaciones de la Universidad Autónoma de Santo Domingo _n1055 _pColección textos básicos _v5 _956533 |
|
| 830 | 0 |
_aColección estudios sociales _n06 _912038 |
|
| 910 | _aValidado. Control de calidad MMOLINA | ||
| 942 |
_2ddc _cLBS1 |
||
| 999 |
_c3845 _d3845 |
||